The global economic outlook and prospects for Latin America and the Dominican Republic /
Se ofrece una visión panorámica de la economía de América Latina y República Dominicana, haciendo énfasis en los potenciales efectos de la Gran Recesión que afecta principalmente las economías avanzadas desde el 2008. Se presentan algunos de los desafíos estructurales a largo plazo comunes para la m...
Guardado en:
| Hovedforfatter: | |
|---|---|
| Format: | Bog |
| Sprog: | Spanish |
| Fag: | |
| Tags: |
Tilføj Tag
Ingen Tags, Vær først til at tagge denne postø!
|
MARC
| LEADER | 00000nam a22000007a 4500 | ||
|---|---|---|---|
| 003 | cru CIDCACS/IIS | ||
| 005 | 20171103132014.0 | ||
| 007 | ta | ||
| 008 | 170721s2015 dr ||||| |||| 00| 0 spa d | ||
| 999 | |c 19480 |d 19480 | ||
| 040 | |c cru CIDCACS/IIS | ||
| 100 | 1 | |9 5024 |a Mello, Luiz de | |
| 245 | 1 | 4 | |a The global economic outlook and prospects for Latin America and the Dominican Republic / |c Luiz de Mello |
| 300 | |a páginas 467-476 : |b gráficos | ||
| 520 | |a Se ofrece una visión panorámica de la economía de América Latina y República Dominicana, haciendo énfasis en los potenciales efectos de la Gran Recesión que afecta principalmente las economías avanzadas desde el 2008. Se presentan algunos de los desafíos estructurales a largo plazo comunes para la mayoría de las economías del continente. | ||
| 650 | 4 | |9 1935 |a RECESION ECONOMICA | |
| 650 | 4 | |9 2728 |a ANALISIS ECONOMICO | |
| 650 | 0 | |9 4406 |a ECONOMIA INTERNACIONAL | |
| 651 | 1 | 0 | |9 309 |a REPUBLICA DOMINICANA |
| 651 | 1 | 0 | |9 17 |a AMERICA LATINA |
| 773 | 0 | |0 19477 |9 1048 |a Instituto Tecnológico de Santo Domingo, INTEC (República Dominicana) |d Santo Domingo, República Dominicana: Instituto Tecnológico de Santo Domingo, 1975- |o 17907 |t Ciencia y Sociedad / |x 03787680 | |
| 942 | |2 ddc |c PP | ||
